| 000 | 00391nam a2200157Ia 4500 | ||
|---|---|---|---|
| 008 | 230917s9999||||xx |||||||||||||| ||und|| | ||
| 020 | _cRS5 | ||
| 040 |
_e11285 _aMAIN |
||
| 041 | _aEnglish | ||
| 082 | _a301.426 O6F | ||
| 100 | _aO'Brien, John A | ||
| 245 | 0 | _aFamily planning in an exploding population | |
| 260 |
_aNew Delhi _bAmerind _c1971 |
||
| 300 | _axviii, 222 p. | ||
| 942 | _cBK | ||
| 999 |
_c204593 _d204593 |
||